| 000 | 01158cam a22003491 4500 | ||
|---|---|---|---|
| 001 | 6571665 | ||
| 003 | OSt | ||
| 005 | 20151110153334.0 | ||
| 008 | 840815t19611953nyu 000 1 eng | ||
| 010 | _a 63003885 | ||
| 035 | _a(OCoLC)11056097 | ||
| 040 |
_aDLC _cAMAU _dDLC |
||
| 050 | 0 | 0 |
_bPS 3511.I9 _a.F553 1925 |
| 082 |
_aHS 813.52 _bF57 1974 |
||
| 100 | 1 |
_aFitzgerald, F. Scott _q(Francis Scott), _d1896-1940. _93273 |
|
| 245 | 1 | 4 |
_aThe great Gatsby / _cF. Scott Fitzgerald |
| 260 |
_aHertfordshire, England : _bWordsworth Editions Limited, _cc1925. |
||
| 300 |
_a186 p. : _c21 cm. _bcol. ill. ; |
||
| 490 | 0 |
_aScribner library. Fiction, _vSL1 |
|
| 650 | 0 |
_aTraffic accidents _vFiction. _93274 |
|
| 650 | 0 |
_aMarried women _vFiction. _93275 |
|
| 650 | 0 |
_aFirst loves _vFiction. _93276 |
|
| 650 | 0 |
_aRich people _vFiction. _93277 |
|
| 650 | 0 |
_aMistresses _vFiction. _93278 |
|
| 650 | 0 |
_aRevenge _vFiction. _93279 |
|
| 651 | 0 |
_aLong Island (N.Y.) _vFiction. _93280 |
|
| 655 | 7 |
_aPsychological fiction. _2lcsh _92883 |
|
| 655 | 7 |
_aLove stories. _2gsafd _92799 |
|
| 906 |
_a7 _bcbc _coclcrpl _du _encip _f19 _gy-gencatlg |
||
| 942 |
_2lcc _cBK |
||
| 999 |
_c493 _d493 |
||